El Negro Francisco: Códigos de transformación de su Semiosis
Guardat en:
| Autor principal: | |
|---|---|
| Format: | Llibre |
| Idioma: | Undetermined |
| Publicat: |
San José, Costa Rica
Universidad de Costa Rica, Escuela de Filología, Lingüística y Literatura, Licenciatura en Filología Española
1985
|
| Matèries: | |
| Etiquetes: |
Afegir etiqueta
Sense etiquetes, Sigues el primer a etiquetar aquest registre!
|
MARC
| LEADER | 00000nam a2200000Ia 4500 | ||
|---|---|---|---|
| 008 | 170316s9999 xx 000 0 und d | ||
| 040 | |a cru BVZT | ||
| 090 | |a Tesis 25 | ||
| 100 | |a Matarrita Matarrita, Estébana |9 2096 | ||
| 245 | |a El Negro Francisco: Códigos de transformación de su Semiosis | ||
| 260 | |a San José, Costa Rica | ||
| 260 | |b Universidad de Costa Rica, Escuela de Filología, Lingüística y Literatura, Licenciatura en Filología Española | ||
| 260 | |c 1985 | ||
| 300 | |a 129 páginas | ||
| 650 | |a LICENCIATURA EN FILOLOGÍA ESPAÑOLA |9 1359 | ||
| 650 | |a TRABAJO FINAL DE GRADUACIÓN |9 237 | ||
| 999 | |c 29231 |d 29231 | ||
| 942 | |c 15 D |h Tesis 25 |2 z | ||
